000 00792nam a22001337a 4500
999 _c532371
_d532371
008 260130b ||||| |||| 00| 0 eng d
100 _aSingh, Satish
_958652
245 _aBanks powering Khadi through finance
260 _aKurukshetra
300 _a74(2), Dec, 2025: p.28-31
520 _aBanks play significant role in promoting Khadi and village industries by offering financial support and loans to these small enterprises. This financial assistance not only fosters local craftsmanship but also generates employment opportunities within rural communities. By supporting these industries, banks contribute substantially to village development, thereby strengthening both the local economy and the broader economic landscape. – Reproduced
773 _aKurukshetra
942 _cAR